| 000 | 00715nas a2200241 4500 | ||
|---|---|---|---|
| 001 | BR8203683 | ||
| 003 | BR-BrBNA | ||
| 005 | 20231205085214.0 | ||
| 007 | ta | ||
| 008 | 230509b bl.|||p| |||| 00| 00por d | ||
| 040 |
_aBR-BrBNA _bpor _cBiblioteca Nacional de Agricultura |
||
| 041 | _a(Pt) | ||
| 072 | _aQ10; N10 | ||
| 100 | 1 | _aPadovani Neto, A. | |
| 100 | 1 | _aMacedo, I. de C. | |
| 245 | 1 | _aEletrificacao das moendas nas usinas de acucar [Brasil] | |
| 650 | _aMOENDA | ||
| 650 | _aUSINA ACUCAREIRA | ||
| 650 | _aELETRIFICACAO | ||
| 773 | 0 |
_tBoletim Tecnico COPERSUCAR (Brazil) _xISSN 0100-2996 _g(Dec 1982), (no. 20) p. 2-9 _wBR8203683 |
|
| 909 |
_a202311 _bLúcia _c55 _dLúcia Elande |
||
| 942 |
_2AGRIS _n0 _cANA |
||
| 999 |
_c109971 _d109971 |
||